Statistiques concernant Albums rap fr

Cliquez ici pour prendre le quiz!

Statistiques générales

  • Ce quiz a été pris 41 fois
    (17 depuis la dernière actualisation)
  • Le résultat moyen est 11 sur 50

Statistiques - réponses

Rappeur(s)AnnéeAlbum% Correct
Kaaris2013Or noir
87%
SCH2015A7
73%
Limsa d’Aulnay / Isha2023Bitume caviar
60%
PLK2020Enna
60%
Orelsan2011Le chant des sirènes
60%
Maes2020Les derniers salopards
60%
Django2020S/o le flem
60%
Hamza20171994
53%
PLK2019Polak
53%
Hugo TSR2012Fenêtre sur rue
47%
Sniper2003Gravé dans la roche
40%
Booba2002Temps mort
40%
Brulux2021La sans pitax
27%
Lorenzo2022Légende vivante
27%
Sadek2023Ouvert tout l’été
27%
Disiz2017Pacifique
27%
Kalash Criminel2016R.A.S
27%
Sofiane2017Bandit saleté
20%
Lefa2019Fame
20%
Jeanjass2021Hat trick
20%
Georgio2016Héra
20%
Hugo TSR2023Jeudi
20%
Vald2015NQNT2
20%
Lacrim2021Persona non grata
20%
Ben PLG2022Rap réalité volume 2
20%
Niro2023Taulier
20%
Fonky family2001Art de rue
13%
Busta flex1998Busta flex
13%
D.Ace2018Inévitable
13%
Salif2007Prolongations
13%
Laylow2021RAW-Z
13%
Hugo TSR2021Une vie et quelques
13%
Seth gueko2008Drive by en caravane
7%
Unité 2 feu2006Haine, misère et crasse
7%
404billy2018Hostile
7%
Passi1997Les tentations
7%
Le rat luciano2001Mode de vie béton style
7%
Casseurs flowters2013Orelsan et Gringe sont les Casseurs Flowters
7%
Tovaritch2021Sovietskiy
7%
Hugo TSR2017Tant qu’on est là
7%
D.Ace2020Vox Cordis
7%
Panama Bende2017ADN
0%
TSR Crew2007À quoi ça rime
0%
L’Skdrille2004Extazik
0%
L’algérino2018International
0%
Kamelancien2012Le charme en personne
0%
TSR Crew2015Passage flouté
0%
Lamatrix2022Rookie
0%
DJ Kheops1997Sad hills
0%
Coelho2021SE7EN
0%

Distribution des résultats

Percentile par nombre de réponses

% des personnes avec chaque résultat

Votre développement - résultats

Vous n’avez pas pris ce quiz depuis la dernière actualisation